| 000 | 00616cam a22002051 4500 | ||
|---|---|---|---|
| 001 | ne 63002555 | ||
| 003 | DLC | ||
| 005 | 20260227111753.0 | ||
| 008 | 900921s1963 ua a 000 1 ararc | ||
| 010 | _ane 63002555 | ||
| 035 | _a(OCoLC)22418070 | ||
| 040 |
_aPrinceton Univ. Libr. _cWaU _dDLC |
||
| 050 | 0 | 0 |
_aPZ90.A7 _bM38 |
| 100 | 1 | _aMaẓhar, Sulaymān. | |
| 245 | 1 | 0 |
_aAsātīr min al-Sharq _c[taʼlīf] Sulaymān Maẓhar. |
| 260 |
_a[al-Qāhirah, _bal-Dār al-Qawmīyah lil-Tibāʻah wa-al-Nashr, _c1963?] |
||
| 300 |
_a220 p. _billus. _c24 cm. |
||
| 490 | 0 |
_aKitāb al-māsī, _v70 |
|
| 650 | 0 |
_aTales _zAsia. |
|
| 999 |
_c46497 _d46497 |
||